[Event "Hengelo U12 op"]
[Site "Hengelo"]
[Date "2005.08.09"]
[Round "3"]
[White "De Boer, Jelmer"]
[Black "Timar, Yannick"]
[Result "1-0"]
[WhiteElo "816"]
[BlackElo "1127"]
[PlyCount "33"]
[EventDate "2005.08.??"]
[EventType "swiss"]
[EventRounds "13"]
[EventCountry "NED"]
[SourceTitle "CBM 107 Extra"]
[Source "ChessBase"]
[SourceDate "2005.09.01"]
[SourceVersion "1"]
[SourceVersionDate "2005.09.01"]
[SourceQuality "1"]

1. e4 e5 2. Nf3 Nc6 3. Bc4 Bc5 4. 0-0 Nf6 5. Nc3 d6 6. d3 Bg4 7. Bg5 0-0 8. Nd5 Nd4 9. Nxf6+ gxf6 10. Bh6 Nxf3+ 11. gxf3 Bh3 12. Re1 Re8 13. f4 c6 14. Qf3 Bd7 15. Qg3+ Bg4 16. Qxg4+ Kh8 17. Qg7# 1-0

[Event "Hengelo U12 op"]
[Site "Hengelo"]
[Date "2005.08.08"]
[Round "1"]
[White "Van de Meerakker, Luuk"]
[Black "Timar, Yannick"]
[Result "1-0"]
[WhiteElo "1575"]
[BlackElo "1127"]
[PlyCount "39"]
[EventDate "2005.08.??"]
[EventType "swiss"]
[EventRounds "13"]
[EventCountry "NED"]
[SourceTitle "CBM 107 Extra"]
[Source "ChessBase"]
[SourceDate "2005.09.01"]
[SourceVersion "1"]
[SourceVersionDate "2005.09.01"]
[SourceQuality "1"]

1. e4 e5 2. Nf3 Nc6 3. Bc4 Bc5 4. c3 Nf6 5. d4 exd4 6. cxd4 Bb4+ 7. Nc3 d6 8. Bg5 Bg4 9. d5 Na5 10. Qa4+ c6 11. Qxb4 0-0 12. Bxf6 Qxf6 13. Qxa5 b6 14. Qa3 Bxf3 15. gxf3 Qxf3 16. Rg1 b5 17. Be2 Qh3 18. Qxd6 Rad8 19. Qg3 Qc8 20. Qxg7# 1-0